| 000 | 00523cam a22001451 4500 | ||
|---|---|---|---|
| 082 |
_a620.17 _bDIN _cL-17, P-44 |
||
| 100 | 1 |
_aDinsdale, C., _940952 |
|
| 245 | 0 | 0 |
_aPrevention of iron and steel corrosion; _bprocesses and published specifications. |
| 260 |
_aLondon, _bPub. by the L. Cassier Co.; distributed by Iliffe _c[1948] |
||
| 300 |
_a88 p. _b(p. 68-88 advertisements) _c22 cm. |
||
| 526 |
_a0 _b0 _c0 _d620_170000000000000_DIN |
||
| 650 | 0 |
_aCorrosion and anti-corrosives. _940953 |
|
| 650 | 0 |
_aMCE _9379 |
|
| 942 |
_2ddc _cBK |
||
| 999 |
_c545168 _d545168 |
||